| 000 | 00000nas##2200000za#4500 |
|---|---|
| 001 | 9.514451 |
| 003 | CaOODSP |
| 005 | 20210615082852 |
| 007 | ta |
| 008 | 150406c1997||||xxc|| m #||||f| |0eng|d |
| 040 | |aCaOODSP|beng |
| 043 | |an-cn--- |
| 086 | 1 |aCC173-3/2E |
| 110 | 2 |aCanadian Nuclear Safety Commission. |
| 245 | 10|aRegulatory guide |
| 260 | |aOttawa - Ontario : |bCanadian Nuclear Safety Commission |
| 310 | |aIrregular |
| 563 | |aSoftcover |
| 775 | 08|tGuide d'application de la réglementation |w(CaOODSP)9.512865 |
| 776 | 0#|tRegulatory guide |w(CaOODSP)9.504702 |